S Franses Ltd v. The Cavendish Hotel (London) Ltd (Record no. 121124)

MARC details
000 -LEADER
fixed length control field 00840nam a22001577a 4500
008 - FIXED-LENGTH DATA ELEMENTS--GENERAL INFORMATION
fixed length control field 160218b2019 xxu||||| |||| 00| 0 eng d
041 ## - LANGUAGE CODE
Language code of text/sound track or separate title eng
245 ## - TITLE STATEMENT
Title S Franses Ltd v. The Cavendish Hotel (London) Ltd
520 ## - ABSTRACT
Abstract [2018] UKSC 62, 5 December 2018. Appellant tenant's (C) appeal allowed on grounds that the landlord (F) did not intend within the meaning of Landlord and Tenant Act 1954 Part II Section 30(1)(f) to carry out the works specified in opposition to the tenant's application for a new tenancy.
650 ## - KEYWORDS
Keywords S Franses Ltd v The Cavendish Hotel (London) Ltd
650 ## - KEYWORDS
Keywords Landlord and Tenant Act 1954 Part II s30(1)((f)
651 ## - SUBJECT ADDED ENTRY--GEOGRAPHIC NAME
Geographic name United Kingdom 1973
690 ## - BROAD SUBJECT
9 (RLIN) 6252
Broad subject Landlord and tenant
856 ## - ONLINE RESOURCE
Uniform Resource Identifier <a href="https://www.bailii.org/uk/cases/UKSC/2018/62.html">https://www.bailii.org/uk/cases/UKSC/2018/62.html</a>
Public note View transcript free of charge at bailii.org
942 ## - ADDED ENTRY ELEMENTS (KOHA)
Suppress in OPAC Do not suppress in OPAC
Holdings
Lost status Damaged status Not for loan Home library Current library Shelving location Date acquired Total Checkouts Full call number Date last seen Price effective from Koha item type
      Virtual Virtual Online 04/10/2019   ONLINE PUBLICATION 04/10/2019 04/10/2019 Book